000 00723cam a2200241 4500
001 J3029
008 090401t1995 xxu||||| |||| 00| 0 eng d
035 _a(Sirsi) u52589
041 _aeng
050 _a333.0065
110 _aWillott Kingston Smith and Associates
_92957
245 _aFinancial performance of surveyors: annual survey 1995.
260 _aLondon
_bWillott Kingston Smith & Associates
_c1995
300 _a17,(21) leaves ; 30cm.
350 _a0
650 _aABOUT RICS-RICS MEMBERS
650 _aFINANCIAL PERFORMANCE OF SURVEYORS
650 _aFINANCIAL PERFORMANCE
650 _aQUANTITY SURVEYORS
690 _aPROPERTY-PROPERTY FINANCE AND INVESTMENT
942 _n0
948 _c04/03/1997
999 _c93111
_d93111